000 01349cam a2200373 a 4500
001 12118913
003 OSt
005 20140310182659.0
008 000726s2001 maua bs 001 0 eng
010 _a 00061617
020 _a0071210415
040 _aDLC
_cDLC
_dDLC
050 0 0 _aHF 1359
_b.Ap652 2002
082 0 0 _aM 337
_221
_bAp5 2002
100 1 _aAppleyard, Dennis R.
245 1 0 _aInternational economics
_cAppleyard, Dennis R.
250 _a4th ed.
260 _aBoston, Mass.
_bMcGraw-Hill/Irwin
_cc2002
300 _axxvi, 752 p.
_bill. (some col.)
_c27 cm.
504 _aIncludes bibliographical references (p. 719-738) and index.
521 _aCollege Student
526 _c1210L to 1700L
541 _j1
562 _efor circulation. 1 copy available in the collection
650 0 _aInternational economic relations.
650 0 _aInternational trade.
650 0 _aInternational finance.
700 1 _aField, Alfred J.
856 4 2 _3Publisher description
_uhttp://www.loc.gov/catdir/description/mh021/00061617.html
856 4 1 _3Table of contents
_uhttp://www.loc.gov/catdir/toc/mh021/00061617.html
906 _a7
_bcbc
_corignew
_d1
_eocip
_f20
_gy-gencatlg
942 _2lcc
_cBK
_kM
999 _c15152
_d15152